[Event "Chess"]
[Site "?"]
[Date "2012.05.18"]
[Round "6.6"]
[White "Javakhadze, Zurab"]
[Black "Gagunashvili, Merab"]
[Result "1/2-1/2"]
[WhiteElo "2418"]
[BlackElo "2570"]
[PlyCount "109"]
[EventDate "2012.??.??"]

1. d4 Nf6 2. Nf3 c5 3. c4 cxd4 4. Nxd4 b6 5. Nc3 Bb7 6. f3 a6 7. e4 d6 8. Be3
e6 9. Be2 Be7 10. O-O O-O 11. Rc1 Nbd7 12. Qe1 Rc8 13. Qf2 Qc7 14. g4 Kh8 15.
g5 Ng8 16. Qg3 Qd8 17. f4 Nc5 18. e5 Qc7 19. exd6 Bxd6 20. b4 Nd7 21. a3 Rfd8
22. Qh3 Ne7 23. f5 Nxf5 24. Nxf5 exf5 25. Nd5 Bxd5 26. cxd5 Qb7 27. Rxc8 Rxc8
28. Qxf5 Ne5 29. Bf4 Qb8 30. Bd3 g6 31. Qf6+ Kg8 32. h4 b5 33. Bxe5 Bxe5 34.
Qxf7+ Kh8 35. Kg2 Bg7 36. Qf3 Re8 37. Rf2 Qd6 38. Bc2 Qe5 39. Qd3 Qd6 40. Qf3
Qe5 41. Qd3 Bf8 42. Rf3 Kg8 43. Qc3 Qe2+ 44. Rf2 Qg4+ 45. Qg3 Qxg3+ 46. Kxg3
Bd6+ 47. Kf3 Rf8+ 48. Kg2 Rxf2+ 49. Kxf2 Be5 50. Kf3 Kf7 51. h5 gxh5 52. Bxh7
Bb2 53. Bf5 Bxa3 54. Bc8 Bxb4 55. Bxa6 1/2-1/2

[Event "Chess"]
[Site "?"]
[Date "2012.05.20"]
[Round "7.2"]
[White "Gagunashvili, Merab"]
[Black "Arutinian, David"]
[Result "1-0"]
[WhiteElo "2570"]
[BlackElo "2561"]
[PlyCount "123"]
[EventDate "2012.??.??"]

1. e4 c6 2. d4 d5 3. e5 Bf5 4. Nf3 e6 5. Be2 c5 6. Be3 cxd4 7. Nxd4 Ne7 8. Nd2
Nbc6 9. N2f3 Be4 10. O-O Bxf3 11. Nxf3 Qc7 12. c4 dxc4 13. Bxc4 Ng6 14. Bb5 Be7
15. Bd4 O-O 16. Rc1 Rfc8 17. Qa4 Nf4 18. Rc2 Nd5 19. Bxc6 bxc6 20. Rfc1 Nb4 21.
Rc4 Qb7 22. Qb3 c5 23. Bxc5 Bxc5 24. Rxc5 Rxc5 25. Rxc5 Qe4 26. Rc1 a5 27. a3
Nd5 28. Qc4 Qxc4 29. Rxc4 h6 30. Nd4 a4 31. Nc6 Ra6 32. g3 Rb6 33. Nb4 Rb5 34.
Nxd5 exd5 35. Rb4 Ra5 36. Kf1 g5 37. Ke2 Kg7 38. Kd3 h5 39. Kd4 g4 40. Ke3 Kg6
41. Rb6+ Kg7 42. Kd4 Kg8 43. Kd3 Kg7 44. Rb4 Kg6 45. Rf4 Rb5 46. Kc3 Rc5+ 47.
Kd2 Ra5 48. Kc1 Kg7 49. Kb1 Kg6 50. Ka2 Kg7 51. b4 axb3+ 52. Kxb3 Rb5+ 53. Rb4
Rc5 54. a4 Kg6 55. Rf4 Rc1 56. Kb4 Re1 57. a5 Rxe5 58. a6 Re1 59. Kb5 Rb1+ 60.
Rb4 Ra1 61. Ra4 Rb1+ 62. Kc5 1-0

[Event "Chess"]
[Site "?"]
[Date "2012.05.20"]
[Round "7.3"]
[White "Paichadze, Luka"]
[Black "Javakhadze, Zurab"]
[Result "1-0"]
[WhiteElo "2480"]
[BlackElo "2418"]
[PlyCount "94"]
[EventDate "2012.??.??"]

1. e4 e5 2. d4 exd4 3. Nf3 Nc6 4. Nxd4 Bc5 5. Nb3 Bb6 6. Nc3 Nf6 7. Bg5 h6 8.
Bh4 d6 9. Bd3 Be6 10. Na4 g5 11. Bg3 Nd7 12. Bb5 Qf6 13. Bxc6 bxc6 14. Qd2 Nf8
15. e5 dxe5 16. Qc3 Nd7 17. Nbc5 O-O-O 18. O-O-O Nxc5 19. Nxb6+ axb6 20. Bxe5
Rxd1+ 21. Rxd1 Qxf2 22. Bxh8 Qxg2 23. Bd4 Nd7 24. Qg3 Qe4 25. b3 g4 26. Qc3 Kb7
27. a4 c5 28. Bg7 h5 29. a5 Qf4+ 30. Kb2 Qxh2 31. axb6 cxb6 32. Qd3 Qf4 33. Qb5
Qc7 34. Ra1 Nb8 35. Qa4 c4 36. Bf6 Bd7 37. Qa8+ Kc8 38. Ra7 Qc6 39. Be5 c3+ 40.
Kb1 Qxa8 41. Rxa8 Kb7 42. Rxb8+ Kc6 43. Rh8 Kd5 44. Rxh5 f5 45. Bxc3 Ke4 46.
Rh7 Bc6 47. Rg7 Kd5 1-0

[Event "Chess"]
[Site "?"]
[Date "2012.05.20"]
[Round "7.5"]
[White "Zarkua, Davit"]
[Black "Lomsadze, Davit"]
[Result "1-0"]
[WhiteElo "2446"]
[BlackElo "2345"]
[PlyCount "71"]
[EventDate "2012.??.??"]

1. Nf3 Nf6 2. c4 g6 3. Nc3 Bg7 4. d4 O-O 5. Bg5 c5 6. d5 d6 7. e3 a6 8. Be2 h6
9. Bh4 Nbd7 10. Nd2 Nh7 11. O-O f5 12. f4 Ndf6 13. h3 Kh8 14. Bd3 e5 15. dxe6
Bxe6 16. e4 Qd7 17. exf5 Bxf5 18. Nf3 Nh5 19. Bxf5 Qxf5 20. Be7 Qxf4 21. Qxd6
Qe3+ 22. Kh1 Rf5 23. Nd5 Qd3 24. Rad1 Qe2 25. Rfe1 Qf2 26. Bh4 Qxb2 27. Ne7 Nf8
28. Nxf5 gxf5 29. Qxc5 Ng6 30. Bf2 Ngf4 31. Rd2 Qf6 32. Bd4 Qg6 33. Bxg7+ Nxg7
34. Qd6 Nge6 35. Qe5+ Kh7 36. Nh4 1-0

[Event "Chess"]
[Site "?"]
[Date "2012.05.20"]
[Round "7.6"]
[White "Beradze, Irakli"]
[Black "Chighladze, Iveri"]
[Result "1-0"]
[WhiteElo "2298"]
[BlackElo "2390"]
[PlyCount "115"]
[EventDate "2012.??.??"]

1. e4 e6 2. d4 d5 3. Nd2 Nf6 4. e5 Nfd7 5. Bd3 c5 6. c3 Nc6 7. Ne2 cxd4 8. cxd4
f6 9. exf6 Nxf6 10. Nf3 Bd6 11. O-O Qc7 12. Bg5 O-O 13. Bh4 Bd7 14. Nc3 a6 15.
Bg3 Rae8 16. Re1 Re7 17. Rc1 Bxg3 18. hxg3 Qd6 19. Ne5 Qb4 20. Nxc6 Bxc6 21.
Qd2 Kh8 22. Bb1 Qb6 23. Re2 Bd7 24. Qf4 Ref7 25. Qh4 Kg8 26. Rd1 g6 27. Qg5 Ne8
28. Rdd2 Nd6 29. Bd3 Rf6 30. Qe5 Kg7 31. Re1 Nf7 32. Qe3 Qd6 33. Nd1 h5 34. Bb1
Ba4 35. b3 Bd7 36. Nb2 Nh6 37. Qe5 Qb4 38. Qg5 Bb5 39. Rc1 Nf7 40. Qe3 Re8 41.
a4 Bc6 42. f4 Nh6 43. Qc3 Qxc3 44. Rxc3 h4 45. Nd3 Nf5 46. gxh4 Nxd4 47. Ne5
Rxf4 48. g3 Rf5 49. Bxf5 Nxf5 50. Nxc6 bxc6 51. Rxc6 a5 52. Rdc2 Nxg3 53. Rc8
Re7 54. R2c7 Kf7 55. b4 d4 56. b5 Nf5 57. b6 Nd6 58. Rd8 1-0

[Event "Chess"]
[Site "?"]
[Date "2012.05.21"]
[Round "8.2"]
[White "Arutinian, David"]
[Black "Chighladze, Iveri"]
[Result "1-0"]
[WhiteElo "2561"]
[BlackElo "2390"]
[PlyCount "53"]
[EventDate "2012.??.??"]

1. d4 c5 2. d5 e5 3. e4 d6 4. Nc3 Be7 5. Bb5+ Nd7 6. f4 exf4 7. Bxf4 Ngf6 8.
Nf3 O-O 9. O-O a6 10. Bxd7 Nxd7 11. a4 b6 12. Qd3 Qc7 13. Nd2 Rd8 14. Nc4 f6
15. Qg3 Nf8 16. h4 Ng6 17. Bd2 Ne5 18. Nxe5 dxe5 19. Bh6 Bd6 20. Rxf6 Kh8 21.
Rxd6 Rxd6 22. Qxe5 Bg4 23. Bf4 Rad8 24. Qg5 Qc8 25. Bxd6 Rxd6 26. Rf1 h6 27.
Qe7 1-0

[Event "Chess"]
[Site "?"]
[Date "2012.05.21"]
[Round "8.3"]
[White "Lomsadze, Davit"]
[Black "Beradze, Irakli"]
[Result "1/2-1/2"]
[WhiteElo "2345"]
[BlackElo "2298"]
[PlyCount "53"]
[EventDate "2012.??.??"]

1. e4 c6 2. Nc3 d5 3. Nf3 Bg4 4. h3 Bxf3 5. Qxf3 e6 6. g3 Nd7 7. Bg2 Ngf6 8.
O-O Bb4 9. exd5 cxd5 10. Ne2 Bd6 11. d4 O-O 12. c3 Rb8 13. a4 Re8 14. Bf4 Bxf4
15. Nxf4 Nf8 16. Rfe1 Ng6 17. Nxg6 hxg6 18. a5 Qc7 19. Qe3 Rec8 20. Qe5 Qxe5
21. Rxe5 Kf8 22. Ree1 Ke7 23. Kf1 Kd6 24. Ke2 Rc7 25. Kd3 Ng8 26. Re2 Ne7 27.
h4 {Ke5 Ke4+} 1/2-1/2

[Event "Chess"]
[Site "?"]
[Date "2012.05.21"]
[Round "8.5"]
[White "Gagunashvili, Merab"]
[Black "Paichadze, Luka"]
[Result "1-0"]
[WhiteElo "2570"]
[BlackElo "2480"]
[PlyCount "131"]
[EventDate "2012.??.??"]

1. e4 e5 2. Nf3 Nc6 3. Bb5 d6 4. O-O Bd7 5. c3 a6 6. Ba4 Nf6 7. Re1 b5 8. Bc2
Bg4 9. h3 Bh5 10. d3 Be7 11. Nbd2 O-O 12. Nf1 d5 13. Ng3 Bg6 14. exd5 Qxd5 15.
Nh4 Rad8 16. Ngf5 Rfe8 17. Bg5 Bf8 18. Bxf6 gxf6 19. Qg4 Kh8 20. Re3 Qd7 21.
Rd1 Ne7 22. d4 Nd5 23. Ree1 c6 24. dxe5 fxe5 25. Nf3 Qc7 26. h4 h6 27. Qg3 Bxf5
28. Bxf5 Bg7 29. Be4 Rd6 30. Bc2 Rde6 31. Bf5 Rf6 32. Qg4 Bf8 33. Nd2 Ne7 34.
Bc2 Bg7 35. Ne4 Rg6 36. Qd7 Qxd7 37. Rxd7 f5 38. Nd6 Rf8 39. Bb3 Rgf6 40. Rxe5
Rxd6 41. Rexe7 Rxd7 42. Rxd7 c5 43. f4 Bf6 44. g3 Rd8 45. Rf7 Rd6 46. Bc2 b4
47. cxb4 cxb4 48. Bxf5 Bxb2 49. Kg2 Bc3 50. Kf3 Be1 51. Re7 Bc3 52. Kg4 Kg8 53.
Kh5 Kf8 54. Ra7 Be1 55. g4 Rf6 56. Rh7 Bg3 57. Rxh6 Rxh6+ 58. Kxh6 Bxf4+ 59.
Kg6 a5 60. Bc2 Kg8 61. g5 Kh8 62. h5 Bd2 63. h6 Be3 64. Kh5 a4 65. Bxa4 Bd4 66.
g6 1-0

[Event "Chess"]
[Site "?"]
[Date "2012.05.22"]
[Round "9.2"]
[White "Paichadze, Luka"]
[Black "Arutinian, David"]
[Result "1/2-1/2"]
[WhiteElo "2480"]
[BlackElo "2561"]
[PlyCount "43"]
[EventDate "2012.??.??"]

1. e4 c5 2. c3 d5 3. exd5 Qxd5 4. d4 Nf6 5. Nf3 Bg4 6. Be2 e6 7. O-O Nc6 8. h3
Bh5 9. Be3 cxd4 10. Nxd4 Bxe2 11. Qxe2 Be7 12. Rd1 O-O 13. c4 Nxd4 14. Bxd4 Qc6
15. Nc3 a6 16. b3 Rac8 17. a4 Rfd8 18. Rd3 Rd7 19. Rad1 Rcd8 20. Be3 h6 21.
Rxd7 Rxd7 22. Rxd7 1/2-1/2

[Event "Chess"]
[Site "?"]
[Date "2012.05.22"]
[Round "9.3"]
[White "Shanava, Konstantine"]
[Black "Javakhadze, Zurab"]
[Result "1-0"]
[WhiteElo "2589"]
[BlackElo "2418"]
[PlyCount "131"]
[EventDate "2012.??.??"]

1. e4 e5 2. Bc4 Nf6 3. Nc3 Nc6 4. d3 Bc5 5. h3 Ne7 6. Nf3 Ng6 7. h4 h5 8. Bg5
c6 9. Bb3 Be7 10. d4 d6 11. Qd3 Bg4 12. O-O-O Qa5 13. Bd2 Bxf3 14. gxf3 exd4
15. Ne2 Qc5 16. Nxd4 Ne5 17. Qe3 g6 18. Kb1 a5 19. a4 b5 20. axb5 cxb5 21. Qc3
O-O 22. Qxc5 dxc5 23. Nxb5 Nxf3 24. Bf4 Ng4 25. Rd7 Bxh4 26. Nd6 Nge5 27. Rb7
Bf6 28. Bxe5 Bxe5 29. Bxf7+ Kg7 30. Bd5+ Kf6 31. Nc4 Ra6 32. Rh3 Nd4 33. c3 Ne2
34. Rf3+ Nf4 35. Ne3 Kg5 36. Rg3+ Kh6 37. Bc4 Raf6 38. Re7 Bd6 39. Rd7 Bb8 40.
Ka2 Ne6 41. Rh3 Nf4 42. Ng4+ Kg5 43. Nxf6 Kxf6 44. Rh1 g5 45. f3 h4 46. Rhd1
Kg6 47. Re7 h3 48. e5 h2 49. Rh1 Rh8 50. Bb3 c4 51. Bc2+ Nd3 52. b3 g4 53. bxc4
g3 54. Bxd3+ Kg5 55. Bf1 Kf4 56. e6 Ke3 57. Rd7 Bf4 58. e7 Re8 59. Bh3 Bg5 60.
Re1+ Kf2 61. Rf1+ Ke2 62. f4 Bxf4 63. Rdd1 Bd2 64. Bg4+ Kd3 65. Rf3+ Kc2 66.
Rxg3 1-0

[Event "Chess"]
[Site "?"]
[Date "2012.05.22"]
[Round "9.5"]
[White "Beradze, Irakli"]
[Black "Quparadze, Giga"]
[Result "1/2-1/2"]
[WhiteElo "2298"]
[BlackElo "2471"]
[PlyCount "30"]
[EventDate "2012.??.??"]

1. e4 c5 2. c3 e6 3. d4 d5 4. exd5 exd5 5. Nf3 c4 6. b3 cxb3 7. axb3 Bd6 8. Bd3
Ne7 9. O-O O-O 10. Ba3 Nbc6 11. Re1 Bf5 12. Bxf5 Nxf5 13. Qd3 g6 14. Nbd2 Bxa3
15. Rxa3 Qd6 1/2-1/2

[Event "Chess"]
[Site "?"]
[Date "2012.05.22"]
[Round "9.6"]
[White "Chighladze, Iveri"]
[Black "Lomsadze, Davit"]
[Result "0-1"]
[WhiteElo "2390"]
[BlackElo "2345"]
[PlyCount "70"]
[EventDate "2012.??.??"]

1. c4 g6 2. d4 Bg7 3. e4 d6 4. Nc3 Nf6 5. f3 O-O 6. Be3 e5 7. d5 Nh5 8. Qd2 f5
9. O-O-O a6 10. Kb1 Nf6 11. Bd3 c5 12. dxc6 Nxc6 13. Bc2 Be6 14. Qxd6 Qxd6 15.
Rxd6 Bxc4 16. b3 Bf1 17. Rd2 Rfd8 18. Rf2 Bd3 19. Bg5 Rac8 20. Bxf6 Bxf6 21.
Nd5 Rxd5 22. exd5 Nb4 23. Bxd3 Rc1+ 24. Kxc1 Nxd3+ 25. Kd2 Nxf2 26. Ke2 Nxh1
27. Kf1 Bd8 28. Nh3 Bb6 29. g4 fxg4 30. fxg4 e4 31. d6 e3 32. Nf4 Nf2 33. Nd5
Bd8 34. Nxe3 Ne4 35. Nc4 Kf7 0-1

[Event "Chess"]
[Site "?"]
[Date "2012.05.23"]
[Round "10.2"]
[White "Arutinian, David"]
[Black "Lomsadze, Davit"]
[Result "0-1"]
[WhiteElo "2561"]
[BlackElo "2345"]
[PlyCount "96"]
[EventDate "2012.??.??"]

1. d4 Nf6 2. Nf3 g6 3. c4 Bg7 4. g3 O-O 5. Bg2 d6 6. O-O Nc6 7. Nc3 a6 8. Bf4
Rb8 9. Rc1 Nd7 10. b3 h6 11. d5 Nce5 12. Qd2 g5 13. Be3 Nxf3+ 14. exf3 e5 15.
dxe6 fxe6 16. f4 gxf4 17. Bxf4 Qf6 18. Rfe1 Kh8 19. Ne4 Qg6 20. Nxd6 cxd6 21.
Bxd6 Re8 22. Bxb8 Nxb8 23. Qd6 Nc6 24. Rcd1 Qf7 25. Re3 Bf8 26. Qd2 e5 27. Bd5
Qg7 28. Kh1 Bf5 29. Be4 Be6 30. Rd3 Bc5 31. f3 Bd4 32. f4 Bg4 33. Re1 Rf8 34.
b4 Ne7 35. Bxb7 Nf5 36. Be4 exf4 37. gxf4 Rg8 38. Bg2 Bh5 39. h3 Bf7 40. c5 Bc4
41. Rxd4 Nxd4 42. Qb2 Bb5 43. Bd5 Rd8 44. Bg2 Rg8 45. Bd5 Ba4 46. Qc3 Qf6 47.
Re6 Qxf4 48. Qe3 Nxe6 0-1

[Event "Chess"]
[Site "?"]
[Date "2012.05.24"]
[Round "11.2"]
[White "Shanava, Konstantine"]
[Black "Paichadze, Luka"]
[Result "0-1"]
[WhiteElo "2589"]
[BlackElo "2480"]
[PlyCount "98"]
[EventDate "2012.??.??"]

1. e4 c6 2. Nc3 d5 3. Nf3 dxe4 4. Nxe4 Nf6 5. Nxf6+ gxf6 6. d4 Bg4 7. c3 Nd7 8.
Be2 e6 9. a4 Rg8 10. a5 a6 11. Bf4 Qe7 12. Nd2 Bxe2 13. Qxe2 e5 14. Bg3 exd4
15. cxd4 Rg4 16. Qxe7+ Bxe7 17. Nb3 Nf8 18. O-O-O O-O-O 19. Rd3 Ne6 20. Rhd1
Rd5 21. f3 Rg8 22. Nd2 Rxd4 23. Rxd4 Nxd4 24. Nc4 Ne2+ 25. Kc2 Nxg3 26. hxg3
Kc7 27. g4 f5 28. Ne5 Kc8 29. Nxf7 fxg4 30. Nh6 Rg6 31. Nf5 Bb4 32. Kb3 gxf3
33. Kxb4 Rg4+ 34. Ka3 fxg2 35. Rg1 h5 36. b3 Rg5 37. Nh4 Rxa5+ 38. Kb2 Rg5 39.
Rxg2 Rxg2+ 40. Nxg2 a5 41. Kc3 Kd7 42. Kd4 Kd6 43. Ne3 c5+ 44. Ke4 Kc6 45. Nf5
b6 46. Ne7+ Kb5 47. Nd5 h4 48. Kf4 c4 49. bxc4+ Kc5 0-1

[Event "Chess"]
[Site "?"]
[Date "2012.05.24"]
[Round "11.4"]
[White "Beradze, Irakli"]
[Black "Javakhadze, Zurab"]
[Result "1-0"]
[WhiteElo "2298"]
[BlackElo "2418"]
[PlyCount "161"]
[EventDate "2012.??.??"]

1. e4 e5 2. Nf3 Nc6 3. Bc4 Bc5 4. O-O Nf6 5. d3 O-O 6. Bb3 a6 7. Nc3 Re8 8. Ng5
Rf8 9. Nf3 h6 10. Be3 d6 11. d4 exd4 12. Nxd4 Ng4 13. Nxc6 Qh4 14. Ne7+ Kh8 15.
Bf4 Nxf2 16. Qf3 Ng4+ 17. Kh1 Qxe7 18. Nd5 Qd8 19. Rad1 c6 20. Nc3 Qh4 21. Bg3
Qe7 22. Na4 Ne5 23. Qc3 Ba7 24. Qa5 b5 25. Nb6 Qc7 26. Nc4 Qxa5 27. Nxa5 Bc5
28. Bxe5 dxe5 29. Nxc6 f6 30. Rd5 Bb6 31. Nxe5 Re8 32. Nf7+ Kh7 33. Nd6 Re7 34.
Nxc8 Rxc8 35. Rd6 Rb8 36. Bd5 a5 37. g3 b4 38. Bc4 Bc7 39. Ra6 Kh8 40. Bd3 Re5
41. Rf5 Bb6 42. a3 bxa3 43. bxa3 Kg8 44. Rf1 Bc7 45. Bc4+ Kf8 46. Bd5 Rb2 47.
Rc6 Bd8 48. Rf3 Ke7 49. Kg2 Bb6 50. Rb3 Rxb3 51. cxb3 Bd8 52. Kf3 Kd7 53. g4 h5
54. h3 hxg4+ 55. hxg4 Re8 56. b4 axb4 57. axb4 Bc7 58. b5 Rb8 59. Ra6 Bb6 60.
Kf4 Bc7+ 61. Kf3 Bb6 62. g5 fxg5 63. Kg4 Ke7 64. e5 Bc7 65. Bc4 Rd8 66. Re6+
Kf8 67. Kf5 Re8 68. Rxe8+ Kxe8 69. Be2 Bb8 70. Ke6 Kd8 71. Kd5 Kd7 72. Bg4+ Kd8
73. b6 g6 74. Bh3 Ke7 75. Bc8 Kd8 76. Bg4 Ke7 77. e6 Bf4 78. Kc6 Kd8 79. Kb7
Be3 80. Ka6 Bc5 81. b7 1-0

[Event "Chess"]
[Site "?"]
[Date "2012.05.24"]
[Round "11.6"]
[White "Lomsadze, Davit"]
[Black "Quparadze, Giga"]
[Result "1-0"]
[WhiteElo "2345"]
[BlackElo "2471"]
[PlyCount "67"]
[EventDate "2012.??.??"]

1. g3 Nf6 2. Bg2 e5 3. d3 d5 4. Nd2 c6 5. e4 Bc5 6. Ngf3 O-O 7. O-O Re8 8. c3
Bb6 9. h3 Na6 10. a4 Nc5 11. a5 Bc7 12. exd5 Nxd3 13. dxc6 e4 14. Nd4 bxc6 15.
Nxe4 Nxc1 16. Nxf6+ Qxf6 17. Rxc1 Ba6 18. Re1 Rxe1+ 19. Qxe1 Bb7 20. b4 Rd8 21.
a6 Ba8 22. Qe2 Be5 23. Re1 Bd6 24. Qc4 Bf8 25. Nxc6 Rd2 26. Qf4 Qxf4 27. gxf4
Bxc6 28. Bxc6 g6 29. Re8 Ra2 30. Bb7 Ra3 31. c4 Kg7 32. c5 Rb3 33. Rxf8 Kxf8
34. c6 1-0

[Event "Chess"]
[Site "?"]
[Date "2012.05.24"]
[Round "12.1"]
[White "Zarkua, Davit"]
[Black "Gagunashvili, Merab"]
[Result "1-0"]
[WhiteElo "2446"]
[BlackElo "2570"]
[PlyCount "107"]
[EventDate "2012.??.??"]

1. Nf3 d6 2. d4 Bg4 3. Nbd2 Nd7 4. g3 c6 5. Bg2 Ngf6 6. O-O Qc7 7. b3 e5 8.
dxe5 dxe5 9. Bb2 Be7 10. Nc4 Bxf3 11. exf3 b5 12. Ne3 O-O 13. a4 a6 14. Qe2
Rfe8 15. Rfd1 Rab8 16. h4 Nc5 17. axb5 axb5 18. Ng4 Nxg4 19. fxg4 Bf8 20. g5 e4
21. Qe3 Rbd8 22. h5 Ne6 23. Rxd8 Qxd8 24. Qxe4 Qxg5 25. Qxc6 Rd8 26. Qf3 Bc5
27. Ra8 Qd2 28. Rxd8+ Nxd8 29. Bf1 Qxc2 30. Be5 Nc6 31. Bf4 Bf8 32. Bd3 Qc5 33.
Be3 Qd6 34. Qf5 g6 35. Qxb5 Nd4 36. Qb7 Nf3+ 37. Qxf3 Qxd3 38. hxg6 hxg6 39.
Qa8 Qd1+ 40. Kg2 Qh5 41. b4 Kg7 42. Bd4+ f6 43. Bxf6+ Kxf6 44. Qxf8+ Ke6 45.
Qc5 Qd1 46. Qc6+ Ke7 47. b5 g5 48. b6 g4 49. b7 Qb3 50. Qc7+ Ke6 51. Qc8+ Ke7
52. b8=Q Qf3+ 53. Kg1 Qd1+ 54. Kh2 1-0

[Event "Chess"]
[Site "?"]
[Date "2012.05.24"]
[Round "13.1"]
[White "Gagunashvili, Merab"]
[Black "Zarkua, Davit"]
[Result "1-0"]
[WhiteElo "2570"]
[BlackElo "2446"]
[PlyCount "219"]
[EventDate "2012.??.??"]

1. d4 d5 2. c4 dxc4 3. Nf3 Nf6 4. Qa4+ c6 5. Qxc4 Bf5 6. g3 e6 7. Bg2 Nbd7 8.
O-O Be7 9. e3 O-O 10. Qe2 Rc8 11. Nbd2 Ne4 12. Nb3 c5 13. Rd1 c4 14. Nbd2 c3
15. Nxe4 cxb2 16. Bxb2 Bxe4 17. Qb5 Bc6 18. Qd3 Nf6 19. Nd2 Bxg2 20. Kxg2 Qb6
21. Rab1 Qc6+ 22. e4 Qc2 23. Qe3 Bb4 24. f3 Bc3 25. Bxc3 Rxc3 26. Qf2 Qxa2 27.
Rxb7 Rfc8 28. d5 Qc2 29. Ra1 exd5 30. e5 Ne8 31. Raxa7 Rd3 32. Nf1 Qd1 33. Rb2
g6 34. Ne3 Qc1 35. Ng4 h5 36. e6 fxe6 37. Ne5 Rdc3 38. Re2 Rc2 39. Ra2 Rxa2 40.
Rxa2 Qg5 41. Re2 Qf5 42. h3 Nd6 43. g4 hxg4 44. hxg4 Qf6 45. Qb6 Ne4 46. Qb2
Ng5 47. Qd2 Rf8 48. Qd3 Kg7 49. Re3 Ra8 50. Re2 Rf8 51. Re1 Ra8 52. Qc2 Nf7 53.
Nd7 Qe7 54. Qb2+ e5 55. Nxe5 Qf6 56. Re2 Re8 57. Nd3 Qxb2 58. Rxb2 Re3 59. Nf4
d4 60. Rb6 g5 61. Ne6+ Kf6 62. Nxd4+ Ke5 63. Nf5 Ra3 64. Kg3 Nd8 65. Rb5+ Kf6
66. Nd6 Ne6 67. Ne4+ Kg6 68. Rb6 Kf7 69. Nd6+ Ke7 70. Nf5+ Kf7 71. Rb2 Kf6 72.
Rh2 Nf4 73. Rb2 Ne6 74. Kf2 Kf7 75. Ne3 Kf6 76. Rb6 Kf7 77. Nc4 Rc3 78. Nd6+
Ke7 79. Ne4 Ra3 80. Rb7+ Kf8 81. Rd7 Ra2+ 82. Kg3 Ra5 83. Nf6 Rb5 84. Ra7 Rb3
85. Kf2 Rb5 86. Ke3 Re5+ 87. Kd2 Rb5 88. Kd3 Rb4 89. Nh7+ Kg8 90. Nf6+ Kf8 91.
Ke3 Rc4 92. Ne4 Rb4 93. Ra5 Rb3+ 94. Kf2 Nd4 95. Nxg5 Kg7 96. Rd5 Kg6 97. Rxd4
Kxg5 98. Kg3 Ra3 99. Rd5+ Kg6 100. Re5 Kf6 101. Rd5 Rb3 102. Kf4 Rb4+ 103. Ke3
Ke6 104. Rd4 Rb3+ 105. Ke4 Rb1 106. Kf4 Rb5 107. Ra4 Rb6 108. g5 Kf7 109. Kg4
Kg6 110. f4 1-0

[Event "Chess"]
[Site "?"]
[Date "2012.05.24"]
[Round "14.1"]
[White "Gagunashvili, Merab"]
[Black "Zarkua, Davit"]
[Result "1-0"]
[WhiteElo "2570"]
[BlackElo "2446"]
[PlyCount "73"]
[EventDate "2012.??.??"]

1. c4 e5 2. Nc3 Nf6 3. g3 Nc6 4. Bg2 Bc5 5. e3 O-O 6. Nge2 Re8 7. d3 a5 8. O-O
d6 9. h3 Bf5 10. b3 Qd7 11. Kh2 Nb4 12. e4 Bg6 13. Bg5 Nh5 14. g4 Nf4 15. Nxf4
exf4 16. d4 Bxd4 17. Qxd4 Nc2 18. Qd2 Nxa1 19. Rxa1 a4 20. Re1 axb3 21. axb3
Ra3 22. Qb2 Ra5 23. Bxf4 h5 24. g5 h4 25. b4 Raa8 26. Rd1 Qc6 27. Qb3 Qd7 28.
c5 Re6 29. e5 Rae8 30. cxd6 Rxe5 31. Bxe5 Rxe5 32. f4 Re3 33. dxc7 Qxc7 34. Nd5
Rxb3 35. Nxc7 Rxb4 36. Nd5 Rb2 37. Ne7+ 1-0